000 00872nam a2200253Ia 4500
003 GCL
008 140319s9999 xx 000 0 ara d
040 _aGCL /
_cGCL
082 0 4 _aق
_b720.953
_bف ع
100 1 _aفريد شافعى
245 1 0 _aالعمارة العربية فى مصر الاسلامية :
_bعصر الولاة : 21- 358 هـ ( 639-969 م ) /
_cفريد شافعى
260 _aالقاهرة :
_bالهيئة المصرية العامة للكتاب ،
_c1994
300 _a716 ص:
_bايض ؛
_c30 سم
490 _a
650 0 4 _aالعمارة العربية
650 0 4 _aالاثار الاسلامية
650 0 4 _aالمساجد
650 0 4 _aالفنون
650 0 4 _aالحضارة الاسلامية
650 0 4 _aالصور
650 0 4 _aعصر الولاة
650 0 4 _aالفن الاسلامى
942 _2ddc
_cBK
999 _c38303
_d38303